Loading...
Auditory Arts | 1 | 10.00 | 100% | 0% | 0% |
Beliefs | 4 | 15.00 | 100% | 50% | 0% |
Current Events | 2 | 5.00 | 50% | 0% | 0% |
Fine Arts - Other Arts | 4 | 10.00 | 100% | 0% | 0% |
History - American History | 3 | 6.67 | 67% | 0% | 0% |
History - Ancient History | 2 | 5.00 | 50% | 0% | 0% |
History - European History | 1 | 20.00 | 100% | 100% | 0% |
History - World History | 3 | 3.33 | 33% | 0% | 0% |
Literature - American Literature | 2 | 5.00 | 50% | 0% | 0% |
Literature - British Literature | 8 | 15.00 | 100% | 25% | 25% |
Literature - European Literature | 1 | 10.00 | 100% | 0% | 0% |
Literature - World Literature | 4 | 12.50 | 100% | 25% | 0% |
Philosophy | 4 | 15.00 | 75% | 50% | 25% |
Science - Biology | 7 | 14.29 | 86% | 43% | 14% |
Science - Chemistry | 4 | 17.50 | 100% | 50% | 25% |
Science - Other Science | 3 | 16.67 | 67% | 67% | 33% |
Science - Physics | 4 | 12.50 | 100% | 25% | 0% |
Social Science | 5 | 12.00 | 60% | 40% | 20% |
Visual Arts | 4 | 7.50 | 75% | 0% | 0% |